Modernizácia systému merania vibrácií hlavného cirkulačného čerpadla v atómovej elektrárni Bohunice V2
Gespeichert in:
| 1. Verfasser: | |
|---|---|
| Weitere Verfasser: | |
| Format: | Manuskript Buch |
| Sprache: | Slowakisch |
| Veröffentlicht: |
2024
|
| Schlagworte: | |
| Online-Zugang: | http://is.stuba.sk/zp/portal_zp.pl?podrobnosti=177712 |
| Tags: |
Keine Tags, Fügen Sie das erste Tag hinzu!
|
MARC
| LEADER | 00000ntm a22000003a 4500 | ||
|---|---|---|---|
| 001 | stuzp96672 | ||
| 003 | SK-STU | ||
| 005 | 20240608210842.6 | ||
| 007 | ta | ||
| 008 | 150427s2015----xo-----f-mn---000-0-slo-d | ||
| 040 | |a STU |b slo | ||
| 041 | 0 | |a slo | |
| 100 | 1 | |a Piši, David |u 066000 |4 aut |U MTF Materiálovotechnologická fakulta |T MTF Ústav aplikovanej informatiky, automatizácie a mechatroniky |X 106366 |U M6000 |Y 86 |7 106366 | |
| 242 | 0 | 1 | |a Modernization of the vibration measurement system of the main circulation pump at the Bohunice V2 NPP |y eng |
| 245 | 1 | 0 | |a Modernizácia systému merania vibrácií hlavného cirkulačného čerpadla v atómovej elektrárni Bohunice V2 |
| 260 | |c 2024 | ||
| 650 | 4 | |a spracovanie signálu |2 slo | |
| 650 | 4 | |a implementácia |2 slo | |
| 650 | 4 | |a modernizácia |2 slo | |
| 650 | 4 | |a testovanie |2 slo | |
| 650 | 4 | |a meranie vibrácií |2 slo | |
| 650 | 4 | |a modernisation |2 eng | |
| 650 | 4 | |a signal processing |2 eng | |
| 650 | 4 | |a implementation |2 eng | |
| 650 | 4 | |a testing |2 eng | |
| 650 | 4 | |a vibration measurement |2 eng | |
| 700 | 1 | |a Dobrotka, Andrej |u 067000 |k Z2 |4 ths |U MTF Materiálovotechnologická fakulta |T MTF Ústav výskumu progresívnych technológií |X 4312 |U MN7000 |Y 87 |7 A000004312 | |
| 856 | 4 | |u http://is.stuba.sk/zp/portal_zp.pl?podrobnosti=177712 | |
| 996 | |c M* DP-15407 |l MMSKP |s P |a 0 |w stuzp96672_0001 | ||